000 00926 a2200205 4500
001 48759
005 20260407155753.0
008 260407a1974 arg spa d
003 AR-UNSa-BCEJYS
040 _aAR-UNSa-BCEJYS
_bspa
_cAR-UNSa-BCEJYS
080 _a330.101
_xCiencia económica en general. La economía y sus problemas. Objeto y métodos de la economía política
245 1 0 _aLa economía política del rentista
_pcrítica de la economía marginalista
264 1 _aCórdoba :
_bEdiciones Pasado y Presente
_c1974
300 _a199 p.
_c20 cm.
505 _a1. Los fundamentos metodológicos de la teoría de la utilidad marginal y del marxismo - 2. La teoría del valor - 3. La teoría del valor (continuación) - 4. La teoría del beneficio - 5. La teoría del beneficio (continuación).
942 _cBK
590 _aniveau_biblio:m niveau_hierar:0
100 1 _aBujarin, Nicolini
700 1 _aBraun, María
999 _c4696
_d4696